00528nam a2200157 a 450000100100000000500170001000800410002704000130006808200170008110000450009824501010014326000420024430000210028650000420030750000210034900000897320240305073653.0090922s1966 dr 001 0 spa d aDO-SdBNP axxxxxbR696p1 aRodríguez Demorizi, Emilio,d1908-198610aPoetas contra Bolivar :bel libertador a través de la calumnia /cEmilio Rodríguez Demorizi. aMadrid :bGrafícas Reunidas,c1966. a393 p. ;c24 cm. aIncluye notas al pie de las páginas aIncluye índice